=LDR 00000nam 2200000 4500 =001 INLIS000000000036079 =990 ##$$a 21101064 =005 20130612141902 =008 ***********************************Ind** =035 ##$$0010-061300000036079 =041 ##$$a Ind =082 ##$$a F Rom K =090 ##$$a F Rom K, Gil h =100 ##$$a Gilson =245 ##$$a Humor dokter hewan, awas ada vaksin, Gilson ; alih bahasa, Ria Aahiyani =260 ##$$a 2010 $b Jakarta =300 ##$$a 42 hlm, ilus, 24 cm =650 ##$$a Fiksi kartun =700 ##$$a Adhiyani, Lia =850 ##$$a NBPNMAT =990 ##$$a 0001/BPAP-NTB/2016